1991 1558 1673 1464 1248 1797 1057 1945 1430 1115 1386 1821 1320 1192 1352 1601 1912 1921 1547 1089 1559 1668 1795 1261 1873 1232 1200 1729 1084 1381 1650 1779 1141 1146 1083 1484 1121 1259 1765 1141 1899 1897 1426 1620 1547 1947 1984 1759 1424 1814 1140 1150 1450 1178 1931 1852 1693 1929 1374 1629 1549 1118 1300 1658 1783 1233 1770 1185 1793 1434 1684 1554 1033 1495 1030 1329 1699 1113 1325 1725 1243 1031 1341 1231 1581 1859 1951 1641 1895 1393 1259 1505 1170 1959 1389 1604 1641 1644 1853 BCNSPRNW ULIB Ver.6.0+V

เปลี่ยนเป็นภาษาไทย

Change to English
 แสดงรายละเอียดบรรณานุกรม
  กลับหน้าหลัก

Brief Record : Get Marc (ISO 2709) : E-mail record : QR code < ปิดหน้าต่าง
LEADER : 00000nam 2200000uu 4500
001    13399110754
003     ULIB
008    110608s2553||||th 000 0 tha d
020    9789743005428
050  4 QA76^bศ452ส 2553 ล.1
100 0  ศิริชัย พงษ์วิชัย
245 10 สถิติเพื่อการวิจัยด้วยโปรแกรม R เล่ม 1 การทดสอบความแตกต่าง/^cศิริชัย พงษ์วิชัย
250    พิมพ์ครั้งที่ 2
260    กรุงเทพฯ :^bสุพีเรียพริ้นติ้งเฮาส์,^c2553
300    348 หน้า :^bภาพประกอบ ;^c26 ซม.
650  7 โปรแกรม R (โปรแกรมคอมพิวเตอร์)
650  7 การประมวลผลข้อมูล
650  7 สถิติ^xการประมวลผลข้อมูล
650  7 สถิติ^xโปรแกรมคอมพิวเตอร์
945    ^p250^l0^i030131
995    เกษร
999 ^a ใช้งานได้ทุกระบบ
รายการนี้ยังไม่มีแท็ก
คุณยังไม่ได้ล็อกอิน คุณสามารถมีกิจกรรมร่วมกับเว็บไซต์ได้ แต่ต้องล็อกอินก่อน ::
  ล็อกอิน

รายการสื่อสารสนเทศ

ลำดับที่ ประเภท เลขเรียก/บาร์โค้ด สถานที่ สถานะ
- ไม่พบข้อมูล -

รายการใกล้เคียง
    ผู้แต่ง [ศิริชัย พงษ์วิชัย]

    หัวเรื่อง [โปรแกรม R (โปรแกรมคอมพิวเตอร์)]
    หัวเรื่อง [การประมวลผลข้อมูล]

BibComment


ยังไม่เคยถูกคอมเมนท์

คอมเมนท์ทรัพยากรรายการนี้
  คอมเมนท์: สถิติเพื่อการวิจั..


 Copyright 2026. Bcnsprnw @Library